| 000 | 01210cam a22003491 4500 | ||
|---|---|---|---|
| 999 |
_c3931 _d3931 |
||
| 001 | 455649 | ||
| 003 | GBCCL | ||
| 005 | 20241126110507.0 | ||
| 008 | 741031s1934 tnu 000 0 eng | ||
| 010 | _a 35002874 | ||
| 029 | 1 |
_aAU@ _b000022298246 |
|
| 035 | _a(OCoLC)ocm01063280 | ||
| 035 |
_a(OCoLC)1063280 _z(OCoLC)855166026 |
||
| 040 |
_aDLC _beng _cIVD _dDLC _dOCLCQ _dOCLCG _dCHC _dOCLCA _dOCLCF _dBHB _dLBB |
||
| 049 | _aLBBA | ||
| 050 | 0 | 0 |
_aBX6335 _b.W3 1934 |
| 082 | 0 | 4 |
_a238.6 _bWAL |
| 090 |
_aBX6335 _b.W3 1934 |
||
| 100 | 1 |
_aWallace, O. C. S. _q(Oates Charles Symonds), _d1856- _99387 |
|
| 245 | 1 | 0 |
_aWhat Baptists believe; _bthe New Hampshire confession, an exposition _c[by] O.C.S. Wallace ... |
| 260 |
_aNashville, Tenn., _bSunday school board of the Southern Baptist Convention _c[1934] |
||
| 300 |
_a128 pages _c19 cm |
||
| 336 |
_atext _btxt _2rdacontent |
||
| 337 |
_aunmediated _bn _2rdamedia |
||
| 338 |
_avolume _bnc _2rdacarrier |
||
| 650 | 0 |
_aBaptists _vCatechisms. _99388 |
|
| 650 | 7 |
_aBaptists. _2fast _0(OCoLC)fst00827285 _92887 |
|
| 650 | 4 |
_aDogma _xBaptist. _99389 |
|
| 655 | 7 |
_aCatechisms. _2fast _0(OCoLC)fst01423719 _99390 |
|
| 740 | 0 | _aNew Hampshire confession. | |
| 942 |
_2ddc _cBK _03 |
||